000 01034nam a2200253 i 4500
001 143470
003 ES-MaACL
005 20260326153441.0
007 t|
008 070214s1916 sp r ||||1| spa d
080 _a75 Jáuregui, Juan de
080 _a929 Cervantes Saavedra, Miguel de (0:75)
100 1 _aSentenach, Narciso,
_d1856-1925
_9105479
245 1 3 _aEl retrato de Cervantes :
_bcarta segunda /
_cpor Narciso Sentenach.
260 _aMadrid :
_b[s.n.],
_c1916 (
_fTip. de la "Revista de Archivos, Bibliotecas y Museos")
300 _a16 p. ;
_c25 cm.
530 _aDisponible en formato digital.
600 1 7 _aJáuregui, Juan de,
_d1583-1641.
_t[Retrato de Miguel de Cervantes Saavedra]
_9161584
600 1 7 _aCervantes Saavedra, Miguel de,
_d1547-1616-
_xRetratos
_9161583
852 _aES-MaACL
_j1503-F-14
_9148654
_cDEPOF
_zRevisado enlace: 27 de Marzo 2025.
856 4 _uhttp://bdh-rd.bne.es/viewer.vm?id=0000191134&page=1
_yBiblioteca Digital Hispánica
942 _2udc
999 _c143470
_d143470